Кръстословици (Запис номер 483188)
[ съкратено ]
| 000 -Лидер | |
|---|---|
| Контролно поле с фиксирана дължина | nam a22 a 4500 |
| 003 - Код на организацията, давaща контролен номер | |
| Контролно поле | BLK |
| 005 - Дата и час на последна редакция | |
| Контролно поле | 20221201120011.0 |
| 008 - Елементи от данни с фиксирана дължина | |
| fixed length control field | 221201b bu |||||r|||| 00| | bu d |
| 040 ## - Източник на каталожния запис | |
| Идентификатор на билиотеката - собственик на записа | BLK |
| 041 ## - Код за език | |
| Код за езика на текст/звукозапис или на отделно заглавие | Български |
| Код за езика КДБФ | Български |
| 080 ## - УДК | |
| Текстов определител УДК | Литература |
| УДК код - определител по УДК | 82 |
| УДК определител | -98 |
| УДК - код + определител | 82-98 |
| 139 ## - Редно поле | |
| Редна дума | Кръстословици |
| 245 ## - Сведения за заглавието | |
| Заглавие | Кръстословици |
| Подзаглавни данни | Сборник |
| Редно поле (дума) | А. Каназирска и др. ; Състав. А. Мурадян и др. ; Отг. ред. К. Ников |
| 260 ## - Област на издателските данни | |
| 9 (RLIN) | 210458 |
| Място на издаване, разпространение и проч. | Варна |
| Име на издателя, разпространителя и проч. | Георги Бакалов |
| Година на издаване | 1980 |
| 300 ## - Физическа характеристика | |
| Страници | 168 с. |
| Илюстрации и др. | със сх. |
| Размери/Мащаб | 22 см |
| 380 ## - Жанр | |
| Жанр | Литературознание |
| 500 ## - Общи забележки | |
| Забележка | Други авт.: А. Мурадян, А. Григоров, Б. Димов, В. Калпакчиев, Г. Бучков, Г. Пачауров, Г. Алексиев, Г. Георгиев, Г. Симеонов, Е. Цолов, Ж. Данданов, Ив. Карол, Ив. Манчев, Ив. Иванов, К. Николов, К. Ропотамски, К. Ников, Л. Кръстев, М. Керелезов, М. Кирилов, П. Петков, П. Греков, Р. Драгомански, Ст. Кръстев, С. Николов, Т. Атанасов, Хр. Лозанов, Цв. Трифонова ; Други състав.: Ж. Данданов, К. Ропотамски, К. Ников, П. Греков, С. Николов<br/>150 120 тир. |
| 700 ## - Други автори (авторска отговорност) | |
| 9 (RLIN) | 1299 |
| Лично име | Каназирска, Александра |
| Автороска отговорност (Описва отношението между автора и произведението) | първи автор |
| 700 ## - Други автори (авторска отговорност) | |
| 9 (RLIN) | 1478 |
| Лично име | Мурадян, Андро |
| Автороска отговорност (Описва отношението между автора и произведението) | състав. |
| 700 ## - Други автори (авторска отговорност) | |
| 9 (RLIN) | 748 |
| Лично име | Ников, Красимир |
| Автороска отговорност (Описва отношението между автора и произведението) | отг. ред. |
| 852 ## - Местоположение | |
| Форматна сигнатура | Цб 101778 |
| Фондова буква | Хранилище |
| 856 ## - Електронен адрес и достъп | |
| Инструкция (цена за достъп) | 0.00 |
| Права за достъп | disable |
| 999 ## - СИСТЕМНИ КОНТРОЛНИ НОМЕРА | |
| Koha biblionumber | 483188 |
| Koha biblioitemnumber | 483188 |
| 942 ## - АРТИКУЛИ | |
| Вид на библиотечния материал | Книги |
| Скрит в OPAC | Не |
| Периодичен библиозапис | Да |
| 944 ## - СЪЗДАВАНЕ И РЕДАКЦИЯ на ЗАПИСА | |
| Създаване/Редакция | Създаване |
| Дата на регистрацията/редакция | 2022-12-01 |
| Служител, извършил регистрацията/редакцията | ВЙ |
| Код за отписване | Код за изгубен артикул | Източник на класификационната схема | Код за повреда | Коз за рестрикции | Код за отдаване | Артикулен № | Име на библиотеката - собственик | Име на библиотеката, в която се намира в момента | Статус (Текущо местоположение) | Дата на вписване в системата | Местоположение - отдел | Цена в лева | Инвентарен номер | Систематично азбучна сигнатура | Баркод | Цена в евро | Служебен тип на артикула |
|---|---|---|---|---|---|---|---|---|---|---|---|---|---|---|---|---|---|
| Не е изгубен | Universal Decimal Classification | Не е повреден | само за читалня | ползва се в читалня | 915474 | Регионална библиотека "Любен Каравелов" Русе | Регионална библиотека "Любен Каравелов" Русе | Хранилище | 2022-12-06 | Хранилище | 2.37 | 297594 | Цб 101778 | 120000297594 | 1.21 | Книги |